| 000 | 01119nmm a2200361 a 4500 | ||
|---|---|---|---|
| 003 | AR-BaBNM | ||
| 005 | 20251128210624.0 | ||
| 008 | 280020s1999 ||||||||||||||000 | spa|| | ||
| 020 | _a950-557-302-2 | ||
| 040 | _cAR-BaBNM | ||
| 245 | 1 | 0 |
_aDe igual a igual _bel desafío del Estado ante los nuevos problemas sociales |
| 260 |
_aSao Paulo _bFondo de Cultura Económica _bSIEMPRO _bFLACSO _c1999 |
||
| 300 |
_a402 p. _bgráfs., tablas |
||
| 504 | _aCada trabajo cuenta con bibliografía para consultar | ||
| 650 | 4 | _aECONOMIA | |
| 650 | 4 | _aESTRUCTURA SOCIAL | |
| 650 | 4 | _aPROBLEMAS SOCIALES | |
| 650 | 4 | _aPARTICIPACION SOCIAL | |
| 650 | 4 | _aDESIGUALDAD SOCIAL | |
| 650 | 4 | _aTEORIA SOCIAL | |
| 650 | 4 | _aPOLITICA SOCIAL | |
| 650 | 4 | _aSOCIEDAD | |
| 650 | 4 | _aESTADO | |
| 651 | 4 | _aAmérica Latina | |
| 700 | 1 |
_aCarpio, Jorge _ecompilador |
|
| 700 | 1 |
_aNovacovsky, Irene _ecompilador |
|
| 700 | 1 |
_aSerrano, Gerardo _ecolaborador |
|
| 700 | 1 |
_aKessler, Gabriel _ecolaborador |
|
| 700 | 1 |
_aHirschhorn, Silvina _ecolaborador |
|
| 700 | 1 |
_aBelvedere, Carlos _ecolaborador |
|
| 942 | _cBK | ||
| 998 | _cMariana | ||
| 999 |
_c16218 _d16218 |
||